The Building Regulations 2000 (Record no. 110672)

MARC details
000 -LEADER
fixed length control field 01098cad a22002295a 4500
001 - CONTROL NUMBER
control field E149894
008 - FIXED-LENGTH DATA ELEMENTS--GENERAL INFORMATION
fixed length control field 100512s2010 xxk 000 0 eng u
020 ## - INTERNATIONAL STANDARD BOOK NUMBER
International Standard Book Number 9781859463239
035 ## - SYSTEM CONTROL NUMBER
System control number (Sirsi) u149894
041 0# - LANGUAGE CODE
Language code of text/sound track or separate title eng
050 04 - LIBRARY OF CONGRESS CALL NUMBER
Classification number 692.2 $2 18
110 1# - MAIN ENTRY--CORPORATE NAME
Corporate name or jurisdiction name as entry element United Kingdom
Subordinate unit HM Government
9 (RLIN) 5056
245 04 - TITLE STATEMENT
Title The Building Regulations 2000
Remainder of title sanitation, hot water safety and water efficiency, approved document G
Medium [electronic resource]
260 ## - PUBLICATION, DISTRIBUTION, ETC.
Place of publication, distribution, etc. London
Name of publisher, distributor, etc. NBS
Date of publication, distribution, etc. 2010
520 ## - SUMMARY, ETC.
Summary, etc. Comes into force on 6 April 2010, after which date previous editions of Approved Document G will no longer be valid, except where it continues to apply in consequence of the transitional arrangements set out in SI 2009/1219, as amended by SI 2009/2465.
590 ## - LOCAL NOTE (RLIN)
Local note KA NTK
650 24 - SUBJECT ADDED ENTRY--TOPICAL TERM
Topical term or geographic name entry element BUILDING REGULATIONS 2000 APPROVED DOCUMENT G (2010 EDITION)
651 #4 - SUBJECT ADDED ENTRY--GEOGRAPHIC NAME
Geographic name England and Wales
Chronological subdivision 1543-
690 ## - LOCAL SUBJECT ADDED ENTRY--TOPICAL TERM (OCLC, RLIN)
Topical term or geographic name as entry element Building regulations
9 (RLIN) 6224
856 40 - ELECTRONIC LOCATION AND ACCESS
Uniform Resource Identifier <a href="https://www.planningportal.gov.uk/uploads/br/100312_app_doc_G_2010.pdf">https://www.planningportal.gov.uk/uploads/br/100312_app_doc_G_2010.pdf</a>
Public note View Approved Document G free of charge at www.planningportal.gov.uk...
942 ## - ADDED ENTRY ELEMENTS (KOHA)
Suppress in OPAC 0
Holdings
Withdrawn status Lost status Source of classification or shelving scheme Damaged status Not for loan Home library Current library Shelving location Date acquired Total Checkouts Full call number Barcode Date last seen Copy number Price effective from Koha item type
    Dewey Decimal Classification     Virtual Virtual Online 12/05/2010   ONLINE PUBLICATION 149894-2001 06/08/2019 1 06/08/2019 Book